Atlas mundial del medio ambiente : (Registro nro. 11532)

Detalles MARC
000 -LIDER
fixed length control field 00947nam a22002897a 4500
001 - NÚMERO DE CONTROL
Identificador de número de control 000544
003 - IDENTIFICACDOR DE NÚMERO DE CONTROL
control field DO-SdBNP
005 - DATE AND TIME OF LATEST TRANSACTION
control field 20240424125635.0
007 - CAMPOS FIJOS DE DESCRIPCIÓN FÍSICA
fixed length control field 000544
008 - ELEMENTOS DE LONGITUD FIJA
fixed length control field 161011b1997 sp a b ||| 00| 0 spa d
020 ## - ISBN
International Standard Book Number 8480551283
040 ## - FUENTE DE CATALOGACIÓN
Agencia que crea de manera original el registro BPMSU
Idioma de catalogación spa
Agencia que realiza la transcripción BPMSU
082 #4 - NÚMERO DE CLASIFICACIÓN DECIMAL DE DEWEY
Classification number R577.5
Item number C965a 1997
Edition number 22
100 1# - ASIENTO PRINCIPAL -- NOMBRE PERSONAL
Nombre personal Cuello i Subirana, Josep
Fechas asociadas con el nombre 1948-
245 10 - MENCIÓN DE TITULO
Título Atlas mundial del medio ambiente :
Subtítulo preservación de la naturaleza /
Mención de responsabilidad textos, Josep Cuello i Subirana, José Tola Alonso
260 ## - PUBLICACIÓN, DISTRIBUCIÓN, ETC. (PIE DE IMPRENTA)
Lugar de publicación, distribución, etc Madrid :
Nombre del editor, distribuidor, etc. Cultural,
Fecha de publicación, distribución, etc 1997.
300 ## - DESCRIPCIÓN FÍSICA
Extensión 112 p. :
Otros detalles físicos il., mapas ;
Dimensiones 35 cm.
500 ## - NOTA GENERAL
Nota general Incluye índice
590 ## - NOTA LOCAL
Texto de la nota local Inventariado, 2024/VM
650 #4 - ENCABEZAMIENTO DE MATERIA--TEMÁTICO
Término temático o nombre geográfico como elemento de entrada Ecología
Subdivisión de forma Atlas
650 #4 - ENCABEZAMIENTO DE MATERIA--TEMÁTICO
Término temático o nombre geográfico como elemento de entrada Protección del medio ambiente
Subdivisión de forma Atlas
650 #4 - ENCABEZAMIENTO DE MATERIA--TEMÁTICO
Término temático o nombre geográfico como elemento de entrada Parques nacionales y reservas
650 #4 - ENCABEZAMIENTO DE MATERIA--TEMÁTICO
Término temático o nombre geográfico como elemento de entrada Ecología humana
Subdivisión de forma Atlas
700 1# - ASIENTO SECUNDARIO -- NOMBRE PERSONAL
Nombre personal Tola, José Alonso,
Fechas asociadas con el nombre 1947-
910 ## - VALIDACIÓN
Validación VMateo V. Control de calidad. BPMSU
942 ## - ADDED ENTRY ELEMENTS (KOHA)
Source of classification or shelving scheme Dewey Decimal Classification
Koha item type Libros
Existencias
Withdrawn status Lost status Source of classification or shelving scheme Damaged status Not for loan Collection code Home library Current library Date acquired Total Checkouts Full call number Barcode Date last seen Price effective from Koha item type
    Dewey Decimal Classification     Colección de Referencia General Biblioteca Pública Metropolitana Salomé Ureña Biblioteca Pública Metropolitana Salomé Ureña 10/11/2016   BPMSU CGR R577.5 C965a 1997 BPMSU16100101 10/11/2016 10/11/2016 Libros